Datum a čas kvízu
18.5
Celkem bodů
Celkový počet nahraných bodů na tomto kvízu bez doplňovacích otázek.
14.
Pořadí na kvízu
Konečné umístění týmu na tomto kvízu.
Zaznamenané odpovědi
| # | Otázka | Odpověď | Body | Výsledky |
|---|---|---|---|---|
| 1. | Ve věku 100 let zemřel posledn... | Emil Boček | 1 | |
| 2. | Minulý týden spustila společno... | Bard | 0 | |
| 3. | Která brněnská rodačka a známá... | Dagmar Havlová | 1 | |
| 4. | Zlínská obuvnická firma Vasky... | Botas | 1 | |
| 5. | V pátečním utkání proti Polsku... | Ladislav Krejčí, Tomáš Čvančara | 1 | |
| 6. | Vítězné téma facebookového hla... | D) chléb ve tvaru ucha | 0 | |
| 7. | První písemná zmínka o lasagní... | bešamelová (bešamel) | 1 | |
| 8. | Dne 1. dubna 1957 odvysílala j... | BBC | 0 | |
| 9. | Přiřaďte k sobě jednotlivé typ... | 1C 2D 3A 4B | 0 | |
| 10. | Jak se nazývá výrobce těstovin... | Adriana | 0 |